| 000 | 00434cam a2200169ua 4500 | ||
|---|---|---|---|
| 020 | _c15.00 | ||
| 041 |
_aeng _h |
||
| 082 |
_a624.15136 _bJUM/SO |
||
| 100 | _aJumikis, Alfreds R . | ||
| 245 |
_aSoil mechanics Part-1,2 / _cAlfreds R Jumikis. _hTextual Documents |
||
| 260 |
_aToronto : _bD Van nostrand co , _c1965. |
||
| 300 | _a791 ; . | ||
| 365 | _a15.00 | ||
| 504 | _a | ||
| 942 | _cBK | ||
| 999 |
_c10405 _d10405 |
||